| 000 | 00634nam 22002293 4500 | ||
|---|---|---|---|
| 001 | 5994 | ||
| 021 | _b51532/91 | ||
| 090 | _a5994 | ||
| 100 | _a20211231d1991 u||y0pory50 ba | ||
| 200 |
_aAnita na escola de vela _fGilbert Delahaye _gil.Marcel Marlier |
||
| 210 |
_aLisboa _cEditorial Verbo _d1991 |
||
| 215 |
_a21 p. _cil. |
||
| 225 |
_aAnita _v5 |
||
| 606 |
_914 _aLiteratura infantil |
||
| 606 |
_913 _aLiteratura Estrangeira |
||
| 675 |
_a82-93 _vBN _zpor |
||
| 675 |
_a821.1/.8 _vBN _zpor |
||
| 700 |
_95332 _aDelahaye _bGilbert |
||
| 702 |
_95333 _aMarlier _bMarcel |
||
| 801 |
_aPT _bBMVN _gRPC |
||
| 830 |
_cMaria Baixo _d31122021 |
||
| 990 | _cLIVROS | ||